|
|
|
|
| LEADER |
00830nam#a2200301#a#4500 |
| 001 |
013502 |
| 005 |
20160721152218.0 |
| 008 |
030618s1997####ag##################spa#d |
| 020 |
|
|
|a 9879173171
|
| 040 |
|
|
|a AR-beUNQ
|
| 099 |
|
|
|a 35-A42
|
| 100 |
1 |
|
|a Alberdi, Juan Bautista
|
| 245 |
0 |
0 |
|a Escritos póstumos de Juan Bautista Alberdi : el crimen de la guerra
|c Juan Bautista Alberdi.
|
| 260 |
|
|
|a Bernal :
|b Universidad Nacional de Quilmes,
|c 1997
|
| 300 |
|
|
|a 227 p
|
| 490 |
0 |
|
|a La ideología argentina ;
|v v. 2
|
| 600 |
1 |
4 |
|a ALBERDI, JUAN BAUTISTA
|d 1805-1851
|
| 648 |
|
4 |
|a 1895-
|
| 650 |
|
7 |
|a DELITOS INTERNACIONALES
|2 Spines
|
| 650 |
|
7 |
|a PAZ
|2 Spines
|
| 650 |
|
7 |
|a GUERRA
|
| 651 |
|
7 |
|a ARGENTINA
|2 Spines
|
| 929 |
|
|
|j 24027
|
| 929 |
|
|
|j 24031
|
| 929 |
|
|
|j 24032
|
| 929 |
|
|
|j 24033
|
| 942 |
|
|
|c LIB
|n 0
|
| 999 |
|
|
|c 15904
|d 91291
|